Diálogos / Platón ; estudio preliminar de Francisco Larroyo
שמור ב:
| מחבר ראשי: | |
|---|---|
| פורמט: | ספר |
| מהדורה: | 28a edición |
| סדרה: | Sepan Cuantos ; 13
|
| נושאים: | |
| תגים: |
אין תגיות, היה/י הראשונ/ה לתייג את הרשומה!
|
MARC
| LEADER | 00000nam^a2200000^u^4500 | ||
|---|---|---|---|
| 001 | 000544806 | ||
| 005 | 20260320000000.0 | ||
| 008 | 060220s1000^^^^^^^^^^^^r^^^^^000^0^spa^d | ||
| 009 | 20260407174727.85 | ||
| 035 | |a FMI 000014091 | ||
| 037 | |a Acervo Xavier Clavigero | ||
| 096 | |a 2.4/13A/C | ||
| 100 | |a Platón |e (autor) | ||
| 245 | 1 | 0 | |a Diálogos / Platón ; estudio preliminar de Francisco Larroyo |
| 250 | |a 28a edición | ||
| 264 | |a México : Porrúa, 2003 | ||
| 300 | |a xxix, 604 p. | ||
| 336 | |a texto |b txt |2 rdacontenido | ||
| 337 | |a sin mediación |b n |2 rdamedio | ||
| 338 | |a volumen |b nc |2 rdasoporte | ||
| 440 | 0 | |a Sepan Cuantos ; 13 | |
| 597 | |a Apología de Sócrates. Critón o del deber. Eutrifón o de la santidad. Laques o del valor. Lysis o de la amistad. Carmides o de la templanza. Ion o de la poesía. Protágoras o de los sofistas. Gorgias o de la retórica. menón o de la virtud. Hipias mayor o de lo bello. Cratilo o del lenguaje. Teetetes o de la ciencia. Symposio (Banquete) o de la erótica. Fedón o del alma | ||
| 649 | |a XX | ||
| 650 | |a Filosofía | ||
| 910 | |a Fondo Francisco Migoya Covarrubias S.J. | ||
| 920 | |a Impresos - Libros | ||
| 930 | |a Fondos Especiales | ||
| 940 | |a Literatura | ||
| 905 | |a 134 | ||
| 901 | |a SBC04132 |b IT2 |c ESP |u 20250521 | ||
| 902 | |a https://opac.biblio.iteso.mx/vufind/Record/000544806 | ||